00637nam a2200241 a 4500001001300000003000900013005001700022008004100039020001000080082001300090100001700103245001800120260002600138300000900164500003500173505001000208650001700218700001700235902000800252942000700260952011300267999001500380nice12345678IN_TiNIC20260116012001.0050524s1959 lona grp 000 0 eng  ac88200a232bVAN aVann, Gerald aParadise Tree aLondonbCollinsc1959 a320p aincludes index and biblioraphy2 aIndex aJesus Christ1 aVann, Gerald bSRS cBK 001040708StackRoom-aHMIbHMId2007-06-18g882.00l0o232 VANp07843r2007-06-18v882.00w2005-05-24yBK c5165d5165